Managing Creativity and Innovation (Record no. 1)

MARC details
000 -LEADER
fixed length control field 00284nam a2200121Ia 4500
008 - FIXED-LENGTH DATA ELEMENTS--GENERAL INFORMATION
fixed length control field 191201s2019 xx 000 0 und d
100 ## - MAIN ENTRY--PERSONAL NAME
Personal name HARVERD BUSINESS PRESS
245 #0 - TITLE STATEMENT
Title Managing Creativity and Innovation
260 ## - PUBLICATION, DISTRIBUTION, ETC. (IMPRINT)
Place of publication, distribution, etc N. Delhi
Name of publisher, distributor, etc HBR
300 ## - PHYSICAL DESCRIPTION
Extent 174
650 ## - SUBJECT ADDED ENTRY--TOPICAL TERM
Topical term or geographic name as entry element BBA
942 ## - ADDED ENTRY ELEMENTS (KOHA)
Source of classification or shelving scheme Dewey Decimal Classification
Koha item type Text Books
Holdings
Withdrawn status Lost status Source of classification or shelving scheme Damaged status Not for loan Collection code Home library Current library Date acquired Source of acquisition Bill Number Total Checkouts Full call number Acc. no. / Barcode Date last seen Date last borrowed Bill Date Koha item type Public note
    Dewey Decimal Classification     BBA PIET C-LIBRARY PIET C-LIBRARY 03/03/2016 Donated by Complenentry Donated by Complenentry 4 658.514 HAM 28220 20/08/2025 06/08/2025 16/02/2016 Text Books Donated by Complenentry

Design & Developed by: PIET Central Library
R70 Miles Stone Pattikalyana Samalkha Panipat 132102
mail ID :- [email protected], Phone No:- 0180-2569700 Ex.216